Science Quiz

Random Science or Astronomy Quiz

Sunrise by Planet: East or West Quiz Stats

 Plays Quiz Updated Jun 16, 2015

Also try: What Planet...
Challenge
Share
Tweet
Embed
Score 0/8 Timer 01:00
3 Plays Today
Planet E or W? % Correct
Earth???
91.8%
Mercury???
86.7%
Mars???
83.1%
Saturn???
72.9%
Jupiter???
70%
Neptune???
69.4%
Uranus???
65.3%
Venus???
56.6%

You're not logged in!

Compare scores with friends on all Sporcle quizzes.
Join for Free
OR
Log In

You Might Also Like...

Show Comments

Extras

Top Quizzes Today


Score Distribution

Your Account Isn't Verified!

In order to create a playlist on Sporcle, you need to verify the email address you used during registration. Go to your Sporcle Settings to finish the process.

Report this User

Report this user for behavior that violates our Community Guidelines.

Details: